[Event "Passau op 7th"]
[Site "Passau"]
[Date "1999.04.04"]
[Round "6"]
[White "Loder, David"]
[Black "Haubrich, Michael"]
[Result "0-1"]
[WhiteElo "1652"]
[BlackElo "1993"]
[PlyCount "55"]
[EventDate "1999.04.02"]
[EventType "swiss"]
[EventRounds "7"]
[EventCountry "GER"]
[SourceTitle "EXT 2000"]
[Source "ChessBase"]
[SourceDate "1999.11.16"]
[SourceVersion "1"]
[SourceVersionDate "1999.11.16"]
[SourceQuality "1"]

1. Nf3 f5 2. b3 Nf6 3. c4 g6 4. Bb2 Bg7 5. Nc3 d6 6. Qc2 e5 7. d3 Nc6 8. e3 Qe7 9. a3 0-0 10. 0-0-0 a6 11. e4 fxe4 12. dxe4 Bg4 13. Nd5 Bh6+ 14. Kb1 Qf7 15. Be2 Nxe4 16. Nxe5 Nxe5 17. Bxg4 Nxf2 18. Rhf1 Nexg4 19. Nf6+ Nxf6 20. Rxf2 Bg7 21. Rdf1 Qe7 22. Qc3 Nh5 23. Qd3 Rxf2 24. Rxf2 Qe1+ 25. Bc1 Qxf2 26. Qd5+ Qf7 27. Qxb7 Qf5+ 28. Ka2 0-1